| 000 | 00652 a2200193 4500 | ||
|---|---|---|---|
| 020 | _a8126509104 | ||
| 020 | _a9788126509102 | ||
| 090 |
_c3340 _d3340 |
||
| 100 | 1 | _aMeredith, Jr. Jack R. | |
| 245 | 1 | 0 |
_aProject management : _ba managerial approach with cd / _cJr. Jack R. Meredith. |
| 250 | _a5th ed. | ||
| 260 |
_a[S.l.] : _bWiley, _c2003. |
||
| 300 | _a704 p. | ||
| 500 | _aPaperback. | ||
| 700 | 1 | _aMantel, Samuel J. | |
| 856 | 4 | 0 |
_3Amazon.com _uhttp://www.amazon.com/exec/obidos/ASIN/8126509104/chopaconline-20 |
| 856 | 4 | 0 |
_3Amazon customer reviews _uhttp://www.chopac.org/cgi-bin/tools/azrev.pl?q=8126509104 |
| 942 |
_aNBS _cBK _k658.40422 MER |
||
| 999 |
_c345823 _d345823 |
||